000 00665nam a2200229 a 4500
001 54764
003 BD-RjUL
005 20211209080151.0
008 161120s1948 enkafb b 001 0 eng d
035 _a(BD-RjUL)
040 _aBD-RjUL
_beng
_cBD-RjUL
_dBD-RjUL
041 _aeng
082 _223
_bTHH 1948
_a910
100 1 _aThomson, J. Oliver
_q(James Oliver)
_9163277
245 1 0 _aHistory of ancient geography /
_cJ. Oliver Thomson.
260 _aGreat britain :
_bCambridge University Press,
_c1948.
300 _ax, 427 p. :
_bill. ;
_c25 cm.
500 _aIncludes index.
650 0 _aGeography
_xHistory.
_9163278
942 _2ddc
_cBK
999 _c54764
_d54764